Análisis de items y de tests con iteman

Salvato in:
Dettagli Bibliografici
Autore principale: Lukas Mujika, José Francisco (autor)
Natura: Libro
Lingua:spagnolo
Pubblicazione: Bilbao Universidad del País Vasco 1998
Soggetti:
Tags: Aggiungi Tag
Nessun Tag, puoi essere il primo ad aggiungerne!!

MARC

LEADER 00000nam a2200000 a 4500
001 UCP2461
003 CL-VaPUC
008 990514e19980000SP |||||||||||||||||spa|d
082 0 4 |a 371.26  |b LUK  |2 21 
100 |a Lukas Mujika, José Francisco  |e autor  |9 581248 
245 1 0 |a Análisis de items y de tests con iteman 
300 |a 241 p 
942 |c BK 
945 |d 19990514 00:00:00  |a rbrito 
260 |a Bilbao  |b Universidad del País Vasco  |c 1998 
650 0 |a Evaluación de la educación   |9 237505 
650 7 |a MEDICION EDUCACIONAL  |2 CL-VaPUC  |9 343534 
650 0 |a Evaluación  |9 271902 
650 7 |a PROGRAMA COMPUTACIONAL  |2 CL-VaPUC  |9 429221 
583 |a last modification  |c 19990514 00:00:00  |k Rodrigo Vera 
999 |c 280987  |d 280985 
952 |0 0  |1 0  |4 0  |6 371_260000000000000_LUK_1998  |7 0  |8 A  |9 321549  |a BIBEDU  |b BIBEDU  |d 2019-11-20  |i 3521168  |o 371.26 LUK 1998  |p 3521168  |r 2019-11-20  |w 2019-11-20  |y BK  |k PSI